[Event "XIX Memorial Nicola Berruto A"]
[Site "Nichelino ITA"]
[Date "2016.02.12"]
[Round "1"]
[White "Alaimo, Cristian"]
[Black "Barcellona, Antonino"]
[WhiteElo "1940"]
[BlackElo "1691"]
[Result "1-0"]
[PlyCount "57"]
[EventDate "2016.02.12"]

1. e4 e5 2. Nf3 Nc6 3. d4 exd4 4. Bc4 Nf6 5. e5 Qe7 6. O-O Ng8 7. c3 h6 8. cxd4
b6 9. d5 Na5 10. b3 Bb7 11. Ba3 Qd8 12. e6 dxe6 13. dxe6 fxe6 14. Nd4 Bxa3 15.
Qh5+ Ke7 16. Nf5+ Kd7 17. Rd1+ Bd6 18. Qf7+ Kc8 19. Bxe6+ Kb8 20. Na3 g6 21.
Nxd6 cxd6 22. Rxd6 Qxd6 23. Qe8+ Kc7 24. Rc1+ Bc6 25. Nb5+ Kb7 26. Nxd6+ Ka6
27. Bc4+ b5 28. Bxb5+ Bxb5 29. Qxb5# 1-0

[Event "XIX Memorial Nicola Berruto A"]
[Site "Nichelino ITA"]
[Date "2016.02.12"]
[Round "1"]
[White "Blundo, Michele"]
[Black "Di Chiara, Mauro"]
[WhiteElo "1693"]
[BlackElo "1950"]
[Result "0-1"]
[PlyCount "64"]
[EventDate "2016.02.12"]

1. Nf3 g6 2. e3 Bg7 3. d4 Nf6 4. Bd3 O-O 5. O-O d5 6. Nbd2 Nbd7 7. Re1 c5 8. c4
b6 9. cxd5 Nxd5 10. a3 Bb7 11. e4 Nf4 12. Bf1 cxd4 13. Nc4 Ne6 14. b4 Rc8 15.
Bd3 Ba6 16. Qb3 b5 17. Na5 Ndc5 18. Qd1 Nxd3 19. Qxd3 Rc3 20. Qd1 d3 21. Ra2
Qb6 22. e5 Rd8 23. Be3 Qc7 24. Nb3 Bb7 25. Bd2 Bxf3 26. gxf3 Rc2 27. Rxc2 dxc2
28. Qa1 Qc4 29. Qc3 Qxc3 30. Bxc3 Rd1 31. Kf1 Bh6 32. Bb2 Rb1 0-1

[Event "XIX Memorial Nicola Berruto A"]
[Site "Nichelino ITA"]
[Date "2016.02.12"]
[Round "1"]
[White "Bosetti, Roberto"]
[Black "Petrini, Emanuela"]
[WhiteElo "1771"]
[BlackElo "1552"]
[Result "1-0"]
[PlyCount "63"]
[EventDate "2016.02.12"]

1. d4 d5 2. Nf3 Nf6 3. c4 e6 4. Nc3 c5 5. cxd5 exd5 6. Bg5 Be6 7. e3 a6 8. Be2
Be7 9. O-O O-O 10. Rc1 Nc6 11. dxc5 Bxc5 12. Bxf6 gxf6 13. Nxd5 Qxd5 14. Qxd5
Bxd5 15. Rxc5 Bxa2 16. Bc4 Bxc4 17. Rxc4 Ne5 18. Rf4 Kg7 19. Nd4 Rac8 20. Nf5+
Kh8 21. Ne7 Rc2 22. b4 Nd7 23. Rd1 Re8 24. Nf5 Rc6 25. h3 Nb6 26. Rd6 Rxd6 27.
Nxd6 Re7 28. Rxf6 Kg7 29. Rf5 Rd7 30. Ne8+ Kh8 31. Nf6 Re7 32. Rg5 1-0

[Event "XIX Memorial Nicola Berruto A"]
[Site "Nichelino ITA"]
[Date "2016.02.12"]
[Round "1"]
[White "Bruno, Rocco"]
[Black "Finamore, Vito"]
[WhiteElo "1475"]
[BlackElo "1735"]
[Result "0-1"]
[PlyCount "90"]
[EventDate "2016.02.12"]

1. e4 e5 2. Nf3 Nc6 3. c3 Nf6 4. d3 Be7 5. Be2 d5 6. exd5 Nxd5 7. O-O O-O 8. c4
Nf6 9. Bg5 h6 10. Bh4 e4 11. dxe4 Nxe4 12. Bxe7 Qxe7 13. Re1 Qc5 14. Rf1 Be6
15. Qc2 Bf5 16. Bd3 Nb4 17. Qe2 Nxd3 18. Qxd3 Nxf2 19. Qd4 Qxd4 20. Nxd4 Bxb1
21. Raxb1 Rad8 22. Nb5 Ne4 23. Rfe1 Nd2 24. Rbc1 c6 25. Nc3 Nxc4 26. b3 Nb6 27.
Re7 Rd7 28. Re2 Rfd8 29. Rce1 Kf8 30. h3 Nd5 31. Ne4 Nf4 32. Re3 Rd1 33. Rxd1
Rxd1+ 34. Kf2 Nd5 35. Re2 Nf4 36. Re3 Rd3 37. Re1 Rd5 38. Kf3 Nd3 39. Re3 Ne5+
40. Ke2 Ng6 41. g3 Re5 42. Kd3 f5 43. Nd6 Rd5+ 44. Kc4 Rxd6 45. Rf3 Ne5+ 0-1

[Event "XIX Memorial Nicola Berruto A"]
[Site "Nichelino ITA"]
[Date "2016.02.12"]
[Round "1"]
[White "Coqueraut, Jean Dominique"]
[Black "Gaudenzi, Mauro"]
[WhiteElo "1731"]
[BlackElo "1281"]
[Result "1-0"]
[PlyCount "73"]
[EventDate "2016.02.12"]

1. d4 d5 2. c4 Nf6 3. Nc3 e6 4. Bg5 Bb4 5. Nf3 Nbd7 6. e3 c5 7. cxd5 exd5 8.
dxc5 Nxc5 9. Bb5+ Ncd7 10. Qd4 Bxc3+ 11. Qxc3 O-O 12. Bxd7 Bxd7 13. Bxf6 Qxf6
14. Qxf6 gxf6 15. Kd2 Rfe8 16. Nd4 f5 17. f4 Rac8 18. Rac1 Rxc1 19. Rxc1 a6 20.
Rc7 Bc8 21. b4 b5 22. Nc6 f6 23. Rxc8 Rxc8 24. Ne7+ Kf7 25. Nxc8 h5 26. Kd3 Ke6
27. Kd4 Kd7 28. Nb6+ Ke6 29. Nxd5 Kf7 30. Nc7 Ke7 31. Kd5 Kd7 32. Nxa6 h4 33.
h3 Kc8 34. Kd6 Kd8 35. Nc7 Kc8 36. Nxb5 Kb8 37. Nd4 1-0

[Event "XIX Memorial Nicola Berruto A"]
[Site "Nichelino ITA"]
[Date "2016.02.12"]
[Round "1"]
[White "Coqueraut, Lodewyk"]
[Black "Martin, Tiziano"]
[WhiteElo "1652"]
[BlackElo "1911"]
[Result "0-1"]
[PlyCount "66"]
[EventDate "2016.02.12"]

1. c4 e6 2. Nc3 d5 3. d4 c6 4. Nf3 Nd7 5. e3 Ngf6 6. cxd5 exd5 7. Bd3 Bd6 8.
Ne2 O-O 9. Ng3 g6 10. Bd2 Re8 11. Bc3 Ne4 12. Bxe4 dxe4 13. Nd2 Nf6 14. Nc4 Bc7
15. O-O Nd5 16. Bd2 b5 17. Na3 Qd6 18. Rc1 h5 19. Nxb5 cxb5 20. Rxc7 Nxc7 21.
Qc2 Bb7 22. a3 Rac8 23. Bb4 Qd5 24. Ne2 Na6 25. Qd2 Nxb4 26. Qxb4 Qc4 27. Qe1
Qb3 28. Qa1 Rc2 29. Nc3 Qxb2 30. Qxb2 Rxb2 31. Rd1 Rc8 32. Nb1 Bd5 33. g3 Rcc2
0-1

[Event "XIX Memorial Nicola Berruto A"]
[Site "Nichelino ITA"]
[Date "2016.02.12"]
[Round "1"]
[White "De Renzi, Giuseppe"]
[Black "Crepaldi, Manuele"]
[WhiteElo "1553"]
[BlackElo "1777"]
[Result "0-1"]
[PlyCount "82"]
[EventDate "2016.02.12"]

1. Nf3 b6 2. g3 Bb7 3. Bg2 e5 4. d3 f5 5. O-O d6 6. Nc3 Nf6 7. Re1 Be7 8. e4
fxe4 9. dxe4 O-O 10. Nd5 Nxd5 11. exd5 Nd7 12. c4 Bc8 13. Qd2 Nf6 14. Nxe5 dxe5
15. d6 Bxd6 16. Bxa8 Ng4 17. Bd5+ Kh8 18. f3 Bc5+ 19. Kg2 Nf2 20. Re3 c6 21.
Bxc6 Qf6 22. Bd5 Ng4 23. Re2 h6 24. Qe1 e4 25. Bxe4 Ne5 26. Qc3 Be6 27. b3 Rd8
28. Be3 Rd3 29. Qe1 Nxf3 30. Bxf3 Qf5 31. Bf4 Qh3+ 32. Kh1 Rxf3 33. Rxe6 Kg8
34. Rxh6 gxh6 35. Qe8+ Bf8 36. Qe2 Qg4 37. Kg2 Rxg3+ 38. hxg3 Qxe2+ 39. Kh3 Bg7
40. Rc1 Be5 41. Bxh6 Qh5+ 0-1

[Event "XIX Memorial Nicola Berruto A"]
[Site "Nichelino ITA"]
[Date "2016.02.12"]
[Round "1"]
[White "Del Duca, Giuseppe"]
[Black "Lieggi, Daniele"]
[WhiteElo "1492"]
[BlackElo "1769"]
[Result "0-1"]
[PlyCount "56"]
[EventDate "2016.02.12"]

1. e4 c5 2. Nc3 e6 3. Bc4 d6 4. d3 Bd7 5. Nf3 Nc6 6. a3 e5 7. Ng5 Nh6 8. Qf3 f6
9. Ne6 Bxe6 10. Qh5+ Bf7 11. Bxf7+ Nxf7 12. Nd5 Ne7 13. Ne3 g6 14. Qg4 Bg7 15.
Bd2 O-O 16. h4 d5 17. O-O-O b5 18. h5 g5 19. g3 a5 20. f4 b4 21. a4 Qb6 22. b3
Rac8 23. exd5 c4 24. dxc4 exf4 25. gxf4 f5 26. Nxf5 Nxf5 27. Qxf5 Qd4 28. Kb1
Qa1# 0-1

[Event "XIX Memorial Nicola Berruto A"]
[Site "Nichelino ITA"]
[Date "2016.02.12"]
[Round "1"]
[White "Di Stefano, Marco T"]
[Black "D'Ingiullo, Roberto"]
[WhiteElo "1708"]
[BlackElo "2091"]
[Result "1/2-1/2"]
[PlyCount "29"]
[EventDate "2016.02.12"]

1. e4 d5 2. exd5 Nf6 3. d4 Nxd5 4. c4 Nb6 5. Nc3 g6 6. Bf4 Bg7 7. Qd2 Na6 8.
Nf3 c5 9. Be5 Bxe5 10. dxe5 Be6 11. Qh6 Nxc4 12. Rd1 Qa5 13. Ng5 Nxb2 14. Bb5+
Qxb5 15. Nxb5 1/2-1/2

[Event "XIX Memorial Nicola Berruto A"]
[Site "Nichelino ITA"]
[Date "2016.02.12"]
[Round "1"]
[White "Ferretti, Carlo"]
[Black "Alemanni, Marco"]
[WhiteElo "2032"]
[BlackElo "1707"]
[Result "1-0"]
[PlyCount "59"]
[EventDate "2016.02.12"]

1. d4 Nf6 2. Nf3 e6 3. e3 d5 4. Bd3 Be7 5. Nbd2 O-O 6. b3 Nbd7 7. O-O c6 8. Bb2
Re8 9. Ne5 Qc7 10. f4 Bf8 11. Ndf3 h6 12. g4 Ne4 13. g5 f6 14. Nxd7 Qxd7 15.
gxh6 gxh6 16. Kh1 Bg7 17. Qe2 a5 18. a4 b6 19. Rg1 Qf7 20. Nh4 Kh8 21. Rg6 Rg8
22. Bxe4 dxe4 23. Qh5 Ra7 24. Rag1 Qf8 25. d5 Rf7 26. dxc6 Qd6 27. Qg4 Qf8 28.
f5 exf5 29. Nxf5 Qc5 30. Rxh6+ 1-0

[Event "XIX Memorial Nicola Berruto A"]
[Site "Nichelino ITA"]
[Date "2016.02.12"]
[Round "1"]
[White "Gussone, Claudio"]
[Black "Petrini, Davide"]
[WhiteElo "1752"]
[BlackElo "1476"]
[Result "1-0"]
[PlyCount "79"]
[EventDate "2016.02.12"]

1. Nf3 d5 2. g3 Nf6 3. Bg2 Bf5 4. O-O Qd7 5. d4 b6 6. c4 c5 7. Nc3 e6 8. cxd5
exd5 9. Ne5 Qd8 10. Qa4+ Bd7 11. Nxd7 Qxd7 12. Qxd7+ Nbxd7 13. Nxd5 Nxd5 14.
Bxd5 Rd8 15. dxc5 Bxc5 16. e4 O-O 17. Bg5 Rb8 18. Rfd1 Ne5 19. Kg2 Ng4 20. Rd2
h6 21. Bf4 Rbd8 22. h3 Nf6 23. Rad1 g5 24. Be5 Nxd5 25. Rxd5 Rxd5 26. Rxd5 f6
27. Bd4 Bxd4 28. Rxd4 Rc8 29. Rd2 Kf8 30. Kf3 Ke7 31. Kg4 Ke6 32. Kh5 Rh8 33.
Rc2 Kd6 34. Kg6 Ke5 35. f3 h5 36. Rd2 Ke6 37. Rd5 h4 38. g4 Rc8 39. Rf5 Rc2 40.
Rxf6+ 1-0

[Event "XIX Memorial Nicola Berruto A"]
[Site "Nichelino ITA"]
[Date "2016.02.12"]
[Round "1"]
[White "Liviabella, Lucio"]
[Black "Ferrario, Enrico"]
[WhiteElo "1581"]
[BlackElo "1819"]
[Result "0-1"]
[PlyCount "84"]
[EventDate "2016.02.12"]

1. e4 e6 2. d4 d5 3. exd5 exd5 4. Nf3 Bg4 5. Be2 Bd6 6. Nc3 c6 7. Bg5 f6 8. Bh4
Qc7 9. Bg3 Ne7 10. Qd2 Nd7 11. O-O-O O-O-O 12. Kb1 Nf5 13. Bxd6 Nxd6 14. h3 Bf5
15. Bd3 Rhe8 16. Bxf5 Nxf5 17. g4 Nd6 18. Rhe1 Ne4 19. Nxe4 dxe4 20. Ng1 Nb6
21. Qa5 Kb8 22. Qf5 Nc4 23. Qc5 Nd6 24. Re3 b6 25. Qb4 Nb5 26. Ne2 a6 27. Rb3
c5 28. Qc4 Ka7 29. d5 Nd6 30. Qc3 Nb5 31. Rxb5 axb5 32. Nd4 Qd7 33. Nc6+ Qxc6
34. Qd2 Qd6 35. b3 b4 36. Qe2 Re5 37. Qb5 Rxd5 38. Rc1 Rd1 39. Qc4 Rxc1+ 40.
Kxc1 Qd2+ 41. Kb1 Qd1+ 42. Kb2 Qd4+ 0-1

[Event "XIX Memorial Nicola Berruto A"]
[Site "Nichelino ITA"]
[Date "2016.02.12"]
[Round "1"]
[White "Malano, Francesco"]
[Black "Vinco, Alberto"]
[WhiteElo "1878"]
[BlackElo "1624"]
[Result "1-0"]
[PlyCount "39"]
[EventDate "2016.02.12"]

1. d4 d5 2. Nf3 c6 3. c4 Nf6 4. Qc2 Ne4 5. e3 Nd7 6. cxd5 cxd5 7. Qa4 a6 8.
Nbd2 b5 9. Bxb5 Qb6 10. Be2 Nxd2 11. Bxd2 e6 12. O-O Bd6 13. Rac1 Qb7 14. Qc6
Qb8 15. Rc3 O-O 16. Rfc1 Be7 17. Rb3 Qd6 18. Qxa8 Nb6 19. Rxb6 Qxb6 20. Rxc8
1-0

[Event "XIX Memorial Nicola Berruto A"]
[Site "Nichelino ITA"]
[Date "2016.02.12"]
[Round "1"]
[White "Manunta, Andrea"]
[Black "Salerno, Carmine"]
[WhiteElo "1837"]
[BlackElo "1583"]
[Result "1-0"]
[PlyCount "69"]
[EventDate "2016.02.12"]

1. d4 Nf6 2. c4 d5 3. cxd5 Qxd5 4. Nc3 Qd8 5. e4 e6 6. Nf3 b6 7. Bd3 Be7 8. O-O
Bb7 9. Bf4 a6 10. Rc1 Nc6 11. Bb1 O-O 12. a3 Re8 13. Qd3 g6 14. Rfd1 Bf8 15.
Ng5 Bg7 16. e5 Nd5 17. Bd2 Nce7 18. Qh3 h6 19. Nf3 Kh7 20. Ne4 Ng8 21. Nfg5+
Qxg5 22. Nxg5+ Kh8 23. Nxf7+ Kh7 24. Ng5+ Kh8 25. Bxg6 Re7 26. Nf7+ Rxf7 27.
Bxf7 Rf8 28. Bxg8 Kxg8 29. Bxh6 Nf4 30. Bxf4 Rxf4 31. Qxe6+ Kh7 32. Rxc7 Be4
33. Qh3+ Kg8 34. Rxg7+ Kxg7 35. Qg3+ 1-0

[Event "XIX Memorial Nicola Berruto A"]
[Site "Nichelino ITA"]
[Date "2016.02.12"]
[Round "1"]
[White "Marguati, Massimiano"]
[Black "Coxe, Marino"]
[WhiteElo "1911"]
[BlackElo "1670"]
[Result "0-1"]
[PlyCount "78"]
[EventDate "2016.02.12"]

1. b3 e5 2. Bb2 Nc6 3. e3 d6 4. Bb5 Bd7 5. f4 exf4 6. exf4 Nf6 7. Nf3 Be7 8.
O-O O-O 9. Nc3 a6 10. Be2 d5 11. Ne5 Bc5+ 12. Kh1 Ne4 13. Nxe4 dxe4 14. Nxd7
Qxd7 15. f5 Rad8 16. d3 e3 17. c3 Be7 18. d4 Bf6 19. Qc2 Rfe8 20. Rad1 Ne7 21.
Qe4 c6 22. Qf3 Nd5 23. g4 Qd6 24. a3 Bg5 25. c4 Nf4 26. d5 cxd5 27. cxd5 Nxe2
28. Qxe2 Bf6 29. Bc1 Bg5 30. Rd3 h6 31. Bb2 b5 32. Rf3 Re4 33. h3 Rde8 34. Bc1
R8e5 35. Rf1 Rxd5 36. Rc3 Rc5 37. Rxc5 Qxc5 38. Bb2 Qd5 39. Rd1 Rd4+ 0-1

[Event "XIX Memorial Nicola Berruto A"]
[Site "Nichelino ITA"]
[Date "2016.02.12"]
[Round "1"]
[White "Saggiorato, Diego"]
[Black "Petrini, Alberto"]
[WhiteElo "1680"]
[BlackElo "1920"]
[Result "0-1"]
[PlyCount "144"]
[EventDate "2016.02.12"]

1. d4 Nf6 2. c4 g6 3. Nc3 Bg7 4. e4 d6 5. h3 O-O 6. Bg5 c6 7. Nf3 Nbd7 8. Rc1
e5 9. d5 c5 10. Bd3 h6 11. Be3 Kh7 12. g4 Ng8 13. h4 Ndf6 14. Ng5+ Kh8 15. Be2
hxg5 16. hxg5+ Nh7 17. Kd2 f6 18. Rxh7+ Kxh7 19. Qh1+ Bh6 20. gxh6 g5 21. Qh5
Qe8 22. Qh3 a6 23. a4 Bd7 24. b3 Qg6 25. Rh1 Nxh6 26. Bd3 Kg7 27. f3 Rh8 28.
Qf1 Nf7 29. Rg1 Nh6 30. Ne2 Qe8 31. Ng3 Qd8 32. Ke2 Kf7 33. Nh5 Ke7 34. Bd2 Qc8
35. Ke1 Qd8 36. Qe2 Be8 37. Ng7 Bf7 38. Qf2 Rh7 39. Qh2 Qh8 40. Nh5 Bxh5 41.
gxh5 Nf7 42. Rh1 Qc8 43. Qf2 Qc7 44. Qg2 Rah8 45. Qg4 Qd7 46. Bf1 Nh6 47. Qg3
g4 48. Bxh6 Rxh6 49. fxg4 Rg8 50. Be2 Qc7 51. Kf1 Qa5 52. Qf3 Rgh8 53. Kf2 Qd2
54. Qe3 Qb2 55. Rf1 R6h7 56. Kg3 Rxh5 57. Rf5 Qd4 58. Qf3 Qg1+ 59. Qg2 Qxg2+
60. Kxg2 Rxf5 61. gxf5 Rg8+ 62. Kf3 Kd7 63. Bd1 Kc7 64. Ke3 Rg3+ 65. Kd2 Kb6
66. Kc1 Ka5 67. Kb2 Kb4 68. Bc2 Rg2 69. Kb1 Kc3 70. Ka1 Rxc2 71. Kb1 Re2 72. a5
Rxe4 0-1

[Event "XIX Memorial Nicola Berruto A"]
[Site "Nichelino ITA"]
[Date "2016.02.12"]
[Round "1"]
[White "Tomanin, Roberto"]
[Black "Terzo, Andrea"]
[WhiteElo "1590"]
[BlackElo "1873"]
[Result "0-1"]
[PlyCount "70"]
[EventDate "2016.02.12"]

1. d4 d5 2. Bg5 c5 3. e3 Qb6 4. Nc3 e6 5. Na4 Qa5+ 6. c3 c4 7. Nf3 Bd7 8. Nc5
Bxc5 9. dxc5 Qxc5 10. Be2 Nc6 11. Bf4 f6 12. O-O e5 13. Bg3 Nge7 14. h3 g5 15.
Nh2 O-O-O 16. Ng4 Rdf8 17. b3 h5 18. b4 Qb6 19. a4 hxg4 20. Bxg4 Bxg4 21. Qxg4+
Kb8 22. Rfb1 Ka8 23. b5 Na5 24. Qe2 Nf5 25. Bh2 Rh4 26. Rd1 Rd8 27. Qf3 Ne7 28.
Qe2 Qe6 29. Bg3 Rhh8 30. e4 Nb3 31. exd5 Nxd5 32. Ra3 Nxc3 33. Rxd8+ Rxd8 34.
Qc2 Qd6 35. Rxb3 Qd1+ 0-1

[Event "XIX Memorial Nicola Berruto A"]
[Site "Nichelino ITA"]
[Date "2016.02.12"]
[Round "1"]
[White "Zenere, Gabriele"]
[Black "Cadario, Mario"]
[WhiteElo "1806"]
[BlackElo "1575"]
[Result "1-0"]
[PlyCount "53"]
[EventDate "2016.02.12"]

1. d4 d5 2. Nf3 Nf6 3. c4 c6 4. Nc3 e6 5. e3 Nbd7 6. Qc2 Bb4 7. Be2 Ne4 8. O-O
Ndf6 9. Ne5 Nxc3 10. bxc3 Bd6 11. f4 O-O 12. Bd3 dxc4 13. Nxc4 Bc7 14. e4 b5
15. Ne3 g6 16. e5 Nd5 17. Rf3 Bb7 18. Be4 Rc8 19. Bxd5 cxd5 20. Ba3 Ba5 21. Bc5
a6 22. Ng4 Rxc5 23. Nf6+ Kg7 24. Rh3 Rh8 25. dxc5 Qc7 26. Rxh7+ Rxh7 27. Ne8+
1-0

[Event "XIX Memorial Nicola Berruto A"]
[Site "Nichelino ITA"]
[Date "2016.02.19"]
[Round "2"]
[White "Alemanni, Marco"]
[Black "Liviabella, Lucio"]
[WhiteElo "1707"]
[BlackElo "1581"]
[Result "1-0"]
[PlyCount "61"]
[EventDate "2016.02.12"]

1. e4 c5 2. Nf3 Nc6 3. d4 cxd4 4. Nxd4 g6 5. Nc3 Bg7 6. Be3 d6 7. Qd2 h5 8.
O-O-O Nf6 9. f3 a6 10. Bc4 Bd7 11. Kb1 b5 12. Nxc6 Bxc6 13. Bb3 a5 14. Bg5 a4
15. Bd5 Nxd5 16. Nxd5 f6 17. Be3 Rb8 18. Nf4 Kf7 19. g4 hxg4 20. Rhg1 g5 21.
Nd5 gxf3 22. Qf2 Rh3 23. Rg3 Qh8 24. Qxf3 Rxh2 25. Bxg5 Bxd5 26. exd5 Rc8 27.
Bd2 Qh7 28. Qd3 Qh5 29. Rdg1 Bf8 30. Qe4 Qe5 31. Qg6# 1-0

[Event "XIX Memorial Nicola Berruto A"]
[Site "Nichelino ITA"]
[Date "2016.02.19"]
[Round "2"]
[White "Barcellona, Antonino"]
[Black "De Renzi, Giuseppe"]
[WhiteElo "1691"]
[BlackElo "1553"]
[Result "1-0"]
[PlyCount "89"]
[EventDate "2016.02.12"]

1. d4 Nf6 2. c4 g6 3. Nf3 Bg7 4. e3 d5 5. Nc3 O-O 6. Be2 c5 7. O-O Nc6 8. dxc5
Qa5 9. cxd5 Nb4 10. a3 Na6 11. b4 Nxb4 12. Bd2 Na6 13. Nb5 Qd8 14. Rc1 Nxd5 15.
Qa4 Bd7 16. Qb3 Bc6 17. Rfd1 Nac7 18. Nbd4 Qd7 19. e4 Nf6 20. Ne5 Qe8 21. Ndxc6
bxc6 22. Bf4 Ne6 23. Be3 Qc8 24. Qa4 Qc7 25. Nxc6 Nxe4 26. Qxe4 Rfc8 27. Nb4 a5
28. Na6 Qc6 29. Qxc6 Rxc6 30. Bb5 Rcxa6 31. Bxa6 Rxa6 32. c6 Be5 33. Rd7 Bd6
34. c7 Nxc7 35. Rdxc7 Bxa3 36. Rc8+ Kg7 37. Bd4+ f6 38. Ra1 Re6 39. g3 Bb4 40.
Bc5 Bc3 41. Ra3 Re1+ 42. Kg2 Bd2 43. Rd8 Bc3 44. Rxc3 a4 45. Rd7 1-0

[Event "XIX Memorial Nicola Berruto A"]
[Site "Nichelino ITA"]
[Date "2016.02.19"]
[Round "2"]
[White "Cadario, Mario"]
[Black "Blundo, Michele"]
[WhiteElo "1575"]
[BlackElo "1693"]
[Result "0-1"]
[PlyCount "48"]
[EventDate "2016.02.12"]

1. e4 c5 2. Nf3 d6 3. d4 cxd4 4. Nxd4 Nf6 5. Nc3 a6 6. Bg5 e6 7. f4 Nbd7 8. Qf3
Be7 9. O-O-O h6 10. Bh4 Qa5 11. Nb3 Qc7 12. Bd3 b5 13. a3 Bb7 14. Qe2 O-O 15.
Bg3 e5 16. Rhf1 Rac8 17. fxe5 dxe5 18. Kb1 b4 19. axb4 Bxb4 20. Na2 Bd6 21.
Bxa6 Bxa6 22. Qxa6 Qxc2+ 23. Ka1 Qxb3 24. Qxd6 Ra8 0-1

[Event "XIX Memorial Nicola Berruto A"]
[Site "Nichelino ITA"]
[Date "2016.02.19"]
[Round "2"]
[White "Coxe, Marino"]
[Black "Di Stefano, Marco T"]
[WhiteElo "1670"]
[BlackElo "1708"]
[Result "0-1"]
[PlyCount "120"]
[EventDate "2016.02.12"]

1. e4 b6 2. d4 Bb7 3. Nc3 e6 4. Nf3 Bb4 5. Bd3 Nf6 6. Qe2 d5 7. e5 Ne4 8. Bd2
Nxd2 9. Qxd2 c5 10. O-O Nc6 11. a3 Ba5 12. Bb5 a6 13. Be2 cxd4 14. Nxd4 Bxc3
15. Qxc3 Rc8 16. Nxc6 Rxc6 17. Qe3 O-O 18. c3 a5 19. Rfd1 f6 20. Rd4 Qc8 21. h4
Ba6 22. Bxa6 Qxa6 23. h5 Rc4 24. h6 g6 25. exf6 Rxf6 26. Qe5 Kf7 27. Re1 Qb5
28. Qb8 Qxb2 29. f3 Qxc3 30. Rdd1 Rc8 31. Qxb6 Qc5+ 32. Qxc5 Rxc5 33. Rb1 Rc7
34. Rb5 g5 35. Re5 Rxh6 36. Rxa5 Kf6 37. Re2 Rc1+ 38. Kf2 Ra1 39. Ra6 Kf7 40.
a4 Rf6 41. a5 h5 42. Kg3 Ra3 43. Re5 g4 44. Kh4 gxf3 45. Ra7+ Ke8 46. gxf3
Raxf3 47. Rxh5 R6f4+ 48. Kg5 Rf5+ 49. Kg4 R3f4+ 50. Kg3 Rf3+ 51. Kg4 R5f4+ 52.
Kg5 Rf5+ 53. Kg4 Rxh5 54. Kxf3 Rh3+ 55. Kf4 Ra3 56. Ke5 Re3+ 57. Kd6 d4 58. a6
Ra3 59. Re7+ Kd8 60. a7 Ra6+ 0-1

[Event "XIX Memorial Nicola Berruto A"]
[Site "Nichelino ITA"]
[Date "2016.02.19"]
[Round "2"]
[White "Crepaldi, Manuele"]
[Black "Alaimo, Cristian"]
[WhiteElo "1777"]
[BlackElo "1940"]
[Result "1-0"]
[PlyCount "89"]
[EventDate "2016.02.12"]

1. e4 c5 2. Nc3 g6 3. f4 Bg7 4. Nf3 e6 5. Nb5 d6 6. e5 dxe5 7. fxe5 Bf8 8. d4
a6 9. Bg5 Qd7 10. a4 axb5 11. Bxb5 Nc6 12. d5 exd5 13. O-O Be7 14. e6 Qxe6 15.
Qd2 h6 16. Rae1 Qd6 17. Bf4 Qd8 18. Ne5 Nf6 19. Bxh6 Be6 20. Nxg6 Ne4 21. Rxe4
dxe4 22. Nxh8 Qxd2 23. Bxd2 Kf8 24. Ng6+ Ke8 25. Nxe7 Kxe7 26. Bxc6 bxc6 27. a5
Bd5 28. Bc3 Ke6 29. Rf6+ Ke7 30. Rh6 Re8 31. Rh8 Rxh8 32. Bxh8 f5 33. g3 e3 34.
b3 Kd6 35. Kf1 Be4 36. c3 Bd3+ 37. Ke1 c4 38. b4 c5 39. b5 Be4 40. Ke2 Bg2 41.
Kxe3 Bh3 42. Kf4 Kc7 43. Be5+ Kd7 44. a6 Kc8 45. b6 1-0

[Event "XIX Memorial Nicola Berruto A"]
[Site "Nichelino ITA"]
[Date "2016.02.19"]
[Round "2"]
[White "D'Ingiullo, Roberto"]
[Black "Marguati, Massimiano"]
[WhiteElo "2091"]
[BlackElo "1911"]
[Result "1-0"]
[PlyCount "35"]
[EventDate "2016.02.12"]

1. e4 e6 2. g3 d5 3. Nc3 d4 4. Nce2 e5 5. d3 Nc6 6. Bg2 Be6 7. f4 f6 8. Nf3 Be7
9. O-O Qd7 10. fxe5 fxe5 11. c3 O-O-O 12. cxd4 exd4 13. Bf4 h6 14. Rc1 g5 15.
Ne5 Qe8 16. Nxc6 bxc6 17. Be5 Rh7 18. Qa4 1-0

[Event "XIX Memorial Nicola Berruto A"]
[Site "Nichelino ITA"]
[Date "2016.02.19"]
[Round "2"]
[White "Di Chiara, Mauro"]
[Black "Zenere, Gabriele"]
[WhiteElo "1950"]
[BlackElo "1806"]
[Result "1-0"]
[PlyCount "75"]
[EventDate "2016.02.12"]

1. d4 Nf6 2. Nf3 c5 3. d5 e6 4. c4 exd5 5. cxd5 d6 6. Nc3 g6 7. g3 Bg7 8. Bg2
O-O 9. O-O Re8 10. Nd2 a6 11. a4 Nbd7 12. Nc4 Nb6 13. Na3 Bd7 14. e4 Ng4 15. a5
Nc8 16. h3 Nf6 17. Nc4 Bb5 18. Qb3 Bxc4 19. Qxc4 Nd7 20. f4 f5 21. exf5 gxf5
22. Qd3 Bd4+ 23. Kh1 Qf6 24. Bd2 b5 25. Rae1 Na7 26. Re6 Qf8 27. Rfe1 Rad8 28.
Qe2 Nf6 29. Qd3 Nd7 30. Rxe8 Rxe8 31. Rxe8 Qxe8 32. Qxf5 Qe7 33. Ne4 Bxb2 34.
Qe6+ Kf8 35. Nxd6 Qxe6 36. dxe6 Nf6 37. Be3 Ba3 38. Nb7 1-0

[Event "XIX Memorial Nicola Berruto A"]
[Site "Nichelino ITA"]
[Date "2016.02.19"]
[Round "2"]
[White "Finamore, Vito"]
[Black "Manunta, Andrea"]
[WhiteElo "1735"]
[BlackElo "1837"]
[Result "0-1"]
[PlyCount "82"]
[EventDate "2016.02.12"]

1. e4 e6 2. d3 d5 3. Nd2 c5 4. g3 Nc6 5. Bg2 Nf6 6. Ngf3 Bd6 7. O-O O-O 8. Re1
Qc7 9. Qe2 Nd7 10. c3 d4 11. Nc4 e5 12. a4 Nf6 13. Bd2 Bg4 14. h3 Be6 15. Nxd6
Qxd6 16. Ng5 Bd7 17. f4 h6 18. Nf3 Nh7 19. Nxe5 Nxe5 20. fxe5 Qxe5 21. Bf4 Qe7
22. cxd4 cxd4 23. Rec1 Rac8 24. b3 Be6 25. Qb2 Qd7 26. Kh2 f6 27. Bd2 Ng5 28.
h4 Nf7 29. Bb4 Rfd8 30. Rxc8 Rxc8 31. Bf3 Ne5 32. Be2 Bg4 33. Re1 Bxe2 34. Qxe2
Ng4+ 35. Kg1 Ne3 36. Qf3 Rc2 37. Rxe3 dxe3 38. Qxe3 Qh3 39. Bd2 Qg4 40. Qe1 Qf3
41. e5 fxe5 0-1

[Event "XIX Memorial Nicola Berruto A"]
[Site "Nichelino ITA"]
[Date "2016.02.19"]
[Round "2"]
[White "Gaudenzi, Mauro"]
[Black "Tomanin, Roberto"]
[WhiteElo "1281"]
[BlackElo "1590"]
[Result "0-1"]
[PlyCount "114"]
[EventDate "2016.02.12"]

1. d4 d6 2. Nf3 h6 3. Bf4 Nf6 4. e3 Bf5 5. c3 e6 6. Nbd2 d5 7. Qb3 b6 8. Bb5+
c6 9. Be2 Bd6 10. Ne5 O-O 11. a4 Nfd7 12. Ndf3 Nxe5 13. Nxe5 f6 14. Nd3 e5 15.
dxe5 fxe5 16. Nxe5 Qf6 17. Ng4 Bxg4 18. Bxg4 Bxf4 19. exf4 Re8+ 20. Be2 Qxf4
21. Qc2 Nd7 22. O-O Nf6 23. Bd3 Ng4 24. g3 Qg5 25. f4 Qe7 26. Rfe1 Qc5+ 27. Kh1
d4 28. c4 Ne3 29. Qf2 Nxc4 30. Rac1 Qd5+ 31. Kg1 Ne3 32. h3 c5 33. Qe2 Kh8 34.
Qd2 a5 35. Qe2 Re7 36. Bc4 Qd7 37. Bb5 Qxh3 38. Qh2 Qf5 39. Re2 Raa7 40. Rce1
Re6 41. Bc4 Rg6 42. Rd2 Qxf4 43. Rg2 Qg5 44. Bd3 Rf6 45. Rf2 Raf7 46. Ree2 Rxf2
47. Rxf2 Nf5 48. Rxf5 Rxf5 49. Bxf5 Qxf5 50. Qe2 d3 51. Qe8+ Kh7 52. Qe1 c4 53.
Qe3 Qc5 54. Qf2 d2 55. b4 d1=Q+ 56. Kg2 Qcd5+ 57. Kh3 Q5h5+ 0-1

[Event "XIX Memorial Nicola Berruto A"]
[Site "Nichelino ITA"]
[Date "2016.02.19"]
[Round "2"]
[White "Lieggi, Daniele"]
[Black "Malano, Francesco"]
[WhiteElo "1769"]
[BlackElo "1878"]
[Result "0-1"]
[PlyCount "60"]
[EventDate "2016.02.12"]

1. e4 Nf6 2. Nc3 e5 3. d4 d6 4. dxe5 dxe5 5. Qxd8+ Kxd8 6. Bg5 c6 7. Rd1+ Nbd7
8. Nf3 Ke8 9. Bc4 Bb4 10. O-O h6 11. Bh4 Ba5 12. Bg3 Bc7 13. Rd2 b5 14. Bb3 b4
15. Nb1 Nxe4 16. Re2 Nxg3 17. hxg3 Ba6 18. Rd2 Bxf1 19. Kxf1 Ke7 20. Ba4 Nb8
21. c3 a5 22. Re2 c5 23. Nxe5 Bxe5 24. Rxe5+ Kd6 25. Re2 Nc6 26. Nd2 Rhd8 27.
Ne4+ Kc7 28. Nxc5 Rd5 29. cxb4 axb4 30. Rc2 Rxc5 0-1